000 00413nam a2200145Ia 4500
008 151019s9999 xx 000 0 und d
020 _a130994006
050 _aG155.A1M35 2006
245 _a_Tourism change ,impacts and opportunities
260 _aU S A pearson 2006
300 _aincludes index,bibliography
500 _a_tourism
650 _a_Alister Mathieson
700 _a^d20110111 03:40:37^okilerai
999 _c5313
_d5313